[Event "Titled Tuesday intern op 18th Jun Late"]
[Site "Chess.com INT"]
[Date "2024.06.18"]
[Round "5"]
[White "Alarcon Bahamondez, Roberto Ignacio"]
[Black "Domingo Nunez, Ruben"]
[Result "0-1"]
[WhiteElo "2318"]
[BlackElo "2438"]
[PlyCount "54"]
[EventDate "2024.06.18"]
[EventType "swiss (blitz)"]
[EventRounds "11"]
[EventCountry "USA"]
[SourceTitle "EXT 2025"]
[Source "ChessBase"]
[SourceDate "2024.10.14"]
[SourceVersion "1"]
[SourceVersionDate "2024.10.14"]
[SourceQuality "1"]

1. c4 g6 2. Nc3 Bg7 3. g3 d6 4. Bg2 Nd7 5. e4 c5 6. Nge2 Rb8 7. 0-0 a6 8. a4 b6 9. d3 Ngf6 10. h3 0-0 11. Be3 Ne8 12. Qd2 Nc7 13. d4 b5 14. cxb5 axb5 15. axb5 Nxb5 16. Nxb5 Rxb5 17. Nc3 Rb8 18. Ra7 Qb6 19. Ra4 cxd4 20. Bxd4 Bxd4 21. Nd5 Bxf2+ 22. Rxf2 Qd8 23. Ra7 Bb7 24. Kh2 Bxd5 25. exd5 Ne5 26. Qd4 Rb3 27. Qh4 Qb6 0-1

[Event "Titled Tuesday intern op 18th Jun Early"]
[Site "Chess.com INT"]
[Date "2024.06.18"]
[Round "5"]
[White "Alarcon Bahamondez, Roberto Ignacio"]
[Black "Ganzhurov, Roman"]
[Result "1-0"]
[WhiteElo "2318"]
[BlackElo "2065"]
[PlyCount "81"]
[EventDate "2024.06.18"]
[EventType "swiss (blitz)"]
[EventRounds "11"]
[EventCountry "USA"]
[SourceTitle "EXT 2025"]
[Source "ChessBase"]
[SourceDate "2024.10.14"]
[SourceVersion "1"]
[SourceVersionDate "2024.10.14"]
[SourceQuality "1"]

1. e4 c5 2. Nf3 d6 3. Bb5+ Nd7 4. 0-0 a6 5. Bd3 Ngf6 6. c3 b5 7. a4 Bb7 8. axb5 axb5 9. Rxa8 Qxa8 10. Bxb5 Bxe4 11. Na3 e6 12. d4 cxd4 13. Nxd4 Bxg2 14. Re1 Be7 15. f3 Bh3 16. Nc6 Nd5 17. c4 Nc7 18. Ba4 d5 19. Ne5 0-0 20. Nxd7 Rd8 21. c5 Na6 22. Be3 d4 23. Bxd4 Nxc5 24. Bxc5 Bxc5+ 25. Kh1 Bb4 26. Re4 Be7 27. Rd4 h6 28. Nc4 Bf5 29. b3 Bg5 30. Nce5 Be7 31. Nc6 Re8 32. Nb6 Qa6 33. Nc4 Bf8 34. Nb4 Qa8 35. Bxe8 Qxe8 36. Nd6 Qb8 37. Nxf5 exf5 38. Nc6 Qc7 39. Rc4 Qb7 40. Qd3 Qa7 41. Nxa7 1-0

[Event "Titled Tuesday intern op 18th Jun Early"]
[Site "Chess.com INT"]
[Date "2024.06.18"]
[Round "6"]
[White "Alarcon Bahamondez, Roberto Ignacio"]
[Black "Nasir, Zehn"]
[Result "1-0"]
[WhiteElo "2318"]
[BlackElo "2057"]
[PlyCount "69"]
[EventDate "2024.06.18"]
[EventType "swiss (blitz)"]
[EventRounds "11"]
[EventCountry "USA"]
[SourceTitle "EXT 2025"]
[Source "ChessBase"]
[SourceDate "2024.10.14"]
[SourceVersion "1"]
[SourceVersionDate "2024.10.14"]
[SourceQuality "1"]

1. c4 Nf6 2. Nc3 e5 3. e3 Nc6 4. a3 d5 5. cxd5 Nxd5 6. Qc2 Be7 7. Nf3 Be6 8. Bb5 f6 9. d4 Nxc3 10. bxc3 exd4 11. cxd4 Bd7 12. Bd3 g6 13. 0-0 Bd6 14. e4 0-0 15. Bh6 Re8 16. Bc4+ Kh8 17. e5 Bf8 18. Bxf8 Rxf8 19. e6 Bc8 20. d5 Ne7 21. Rad1 Nf5 22. Rfe1 Qe7 23. Bd3 Nd6 24. Rc1 c6 25. dxc6 bxc6 26. Qxc6 Bb7 27. Qd7 Qxd7 28. exd7 Bxf3 29. gxf3 Rad8 30. Re7 Rf7 31. Rc8 Rxe7 32. Rxd8+ Kg7 33. Rg8+ Kxg8 34. d8Q+ Re8 35. Qxd6 1-0

[Event "Titled Tuesday intern op 18th Jun Late"]
[Site "Chess.com INT"]
[Date "2024.06.18"]
[Round "4"]
[White "Alekseev, Evgeny V"]
[Black "Alarcon Bahamondez, Roberto Ignacio"]
[Result "1/2-1/2"]
[WhiteElo "2550"]
[BlackElo "2318"]
[PlyCount "63"]
[EventDate "2024.06.18"]
[EventType "swiss (blitz)"]
[EventRounds "11"]
[EventCountry "USA"]
[SourceTitle "EXT 2025"]
[Source "ChessBase"]
[SourceDate "2024.10.14"]
[SourceVersion "1"]
[SourceVersionDate "2024.10.14"]
[SourceQuality "1"]

1. e4 e5 2. Nf3 Nf6 3. Nxe5 d6 4. Nf3 Nxe4 5. d4 d5 6. Bd3 Bb4+ 7. c3 Bd6 8. 0-0 0-0 9. c4 c6 10. Re1 Re8 11. Nc3 Bf5 12. Qc2 Na6 13. a3 Bg4 14. Nxe4 dxe4 15. Rxe4 Bxf3 16. Rxe8+ Qxe8 17. gxf3 f5 18. c5 Bc7 19. Bxf5 Qh5 20. f4 Rf8 21. Be6+ Kh8 22. Be3 Bxf4 23. Bxf4 Rxf4 24. Re1 Nc7 25. Re5 Qh4 26. Bf5 Rxd4 27. Qe2 Qg5+ 28. Kf1 Qc1+ 29. Kg2 Qg5+ 30. Kf1 Qc1+ 31. Kg2 Qg5+ 32. Kf1 1/2-1/2

[Event "Titled Tuesday intern op 11th Jun Early"]
[Site "Chess.com INT"]
[Date "2024.06.11"]
[Round "7"]
[White "Alarcon Bahamondez, Roberto Ignacio"]
[Black "Gutierrez Olivares, Daniel"]
[Result "1-0"]
[WhiteElo "2318"]
[BlackElo "2354"]
[PlyCount "97"]
[EventDate "2024.06.11"]
[EventType "swiss (blitz)"]
[EventRounds "11"]
[EventCountry "USA"]
[SourceTitle "EXT 2025"]
[Source "ChessBase"]
[SourceDate "2024.10.14"]
[SourceVersion "1"]
[SourceVersionDate "2024.10.14"]
[SourceQuality "1"]

1. e4 e6 2. d4 d5 3. Nd2 Nc6 4. Ngf3 Nf6 5. e5 Nd7 6. Bb5 a6 7. Bxc6 bxc6 8. 0-0 Be7 9. c4 0-0 10. b3 f6 11. exf6 Bxf6 12. Re1 Re8 13. Bb2 a5 14. Ne5 Bxe5 15. dxe5 Nf8 16. Nf3 c5 17. Rc1 Bb7 18. cxd5 Bxd5 19. Rxc5 Ng6 20. Nd4 Qg5 21. Rxd5 exd5 22. Nf3 Qd8 23. g3 c5 24. h4 d4 25. h5 Ne7 26. Qc2 Qd5 27. Ng5 g6 28. Ne4 Kg7 29. Nf6 Qc6 30. Nxe8+ Rxe8 31. Qd2 Nf5 32. Qg5 h6 33. Qg4 Qe6 34. Ba3 Rc8 35. Rc1 g5 36. Rxc5 Rxc5 37. Bxc5 d3 38. Be3 Kf7 39. Bd2 Qd5 40. Qxf5+ Ke8 41. Qg6+ Kd8 42. Qd6+ Qxd6 43. exd6 Kd7 44. f4 Kxd6 45. fxg5 hxg5 46. Kf2 Ke6 47. g4 Kf6 48. Ke3 Ke5 49. Kxd3 1-0

[Event "Titled Tuesday intern op 11th Jun Early"]
[Site "Chess.com INT"]
[Date "2024.06.11"]
[Round "2"]
[White "Tudor, Henry Edward"]
[Black "Alarcon Bahamondez, Roberto Ignacio"]
[Result "1-0"]
[WhiteElo "2403"]
[BlackElo "2318"]
[PlyCount "61"]
[EventDate "2024.06.11"]
[EventType "swiss (blitz)"]
[EventRounds "11"]
[EventCountry "USA"]
[SourceTitle "EXT 2025"]
[Source "ChessBase"]
[SourceDate "2024.10.14"]
[SourceVersion "1"]
[SourceVersionDate "2024.10.14"]
[SourceQuality "1"]

1. e4 e5 2. Nf3 Nf6 3. Nc3 Nc6 4. Bc4 Bb4 5. 0-0 Bxc3 6. dxc3 d6 7. Re1 h6 8. h3 Be6 9. Bd3 Qd7 10. a4 g5 11. Nh2 Rg8 12. Nf1 g4 13. h4 h5 14. a5 a6 15. Qe2 0-0-0 16. b4 d5 17. b5 axb5 18. Bxb5 Kb8 19. a6 b6 20. Bg5 Rxg5 21. hxg5 Nxe4 22. Qe3 Ka7 23. Rad1 Qd6 24. Ng3 Nc5 25. Nxh5 d4 26. Qg3 e4 27. Qxd6 Rxd6 28. Bxc6 Rxc6 29. cxd4 Na4 30. d5 Rxc2 31. dxe6 1-0

[Event "Titled Tuesday intern op 04th Jun Late"]
[Site "Chess.com INT"]
[Date "2024.06.04"]
[Round "4"]
[White "Alarcon Bahamondez, Roberto Ignacio"]
[Black "Yurtseven, Melih"]
[Result "0-1"]
[WhiteElo "2318"]
[BlackElo "2333"]
[PlyCount "76"]
[EventDate "2024.06.04"]
[EventType "swiss (blitz)"]
[EventRounds "11"]
[EventCountry "USA"]
[SourceTitle "EXT 2025"]
[Source "ChessBase"]
[SourceDate "2024.10.14"]
[SourceVersion "1"]
[SourceVersionDate "2024.10.14"]
[SourceQuality "1"]

1. d4 Nf6 2. c4 e6 3. Nc3 Bb4 4. e3 0-0 5. Bd3 Bxc3+ 6. bxc3 d5 7. Ne2 c5 8. 0-0 Nc6 9. Re1 b6 10. a4 dxc4 11. Bxc4 Na5 12. Bd3 Bb7 13. f3 Qc7 14. e4 e5 15. Bg5 Ne8 16. Be3 Rd8 17. Rc1 Nd6 18. Ng3 Ndc4 19. d5 Nxe3 20. Rxe3 c4 21. Bc2 Qc5 22. Qe2 Nb3 23. Rb1 Ba6 24. Nf5 g6 25. Bxb3 cxb3 26. Qxa6 gxf5 27. Qe2 f4 28. Kf2 Rc8 29. Rxb3 Rc7 30. Rb5 Qxe3+ 31. Qxe3 fxe3+ 32. Kxe3 Rxc3+ 33. Kd2 Rfc8 34. d6 Rc2+ 35. Kd1 R2c5 36. Rb2 Rd8 37. Rd2 Rc6 38. f4 Rcxd6 0-1

[Event "Titled Tuesday intern op 23rd Apr Early"]
[Site "Chess.com INT"]
[Date "2024.04.23"]
[Round "1"]
[White "Alarcon Bahamondez, Roberto Ignacio"]
[Black "Ivic, Velimir"]
[Result "0-1"]
[WhiteElo "2300"]
[BlackElo "2582"]
[PlyCount "110"]
[EventDate "2024.04.23"]
[EventType "swiss (blitz)"]
[EventRounds "11"]
[EventCountry "USA"]
[SourceTitle "EXT 2025"]
[Source "ChessBase"]
[SourceDate "2024.10.14"]
[SourceVersion "1"]
[SourceVersionDate "2024.10.14"]
[SourceQuality "1"]

1. Nf3 Nf6 2. b3 g6 3. Bb2 Bg7 4. g3 d6 5. Bg2 e5 6. d3 0-0 7. 0-0 Re8 8. Nbd2 a5 9. a4 Nc6 10. e4 Nd7 11. Nc4 Nc5 12. Re1 h6 13. d4 exd4 14. Nxd4 Nxd4 15. Bxd4 Bg4 16. f3 Be6 17. Bxg7 Kxg7 18. Qd4+ Kg8 19. Ne3 Qe7 20. Rad1 Rad8 21. Bf1 Qf8 22. Bc4 Qg7 23. Qd2 b6 24. Bxe6 Nxe6 25. Nd5 h5 26. f4 Rd7 27. e5 dxe5 28. Nf6+ Qxf6 29. Qxd7 Rd8 30. fxe5 Qg5 31. Qb5 Rxd1 32. Rxd1 Qe3+ 33. Kg2 Qe4+ 34. Kg1 Ng5 35. Qd3 Nh3+ 36. Kf1 Qh1+ 37. Ke2 Qxh2+ 38. Kf3 Ng5+ 39. Kf4 Ne6+ 40. Ke3 Qxg3+ 41. Kd2 Qxe5 42. Re1 Qg5+ 43. Kd1 h4 44. Qd7 h3 45. Rxe6 Qg4+ 46. Kd2 Qxe6 47. Qd8+ Kg7 48. Qxc7 Qd5+ 49. Kc1 Qf5 50. Qxb6 h2 51. Qd4+ Kg8 52. Qd8+ Kg7 53. Qd4+ f6 54. Qa7+ Kh6 55. Qe3+ Qg5 0-1

[Event "San Jose 1000 GM Spring Break 3 Gp1"]
[Site "San Jose"]
[Date "2024.04.06"]
[Round "4.1"]
[White "Alarcon Bahamondez, Roberto Ignacio"]
[Black "Guo, Ethan"]
[Result "1/2-1/2"]
[WhiteElo "2300"]
[BlackElo "2211"]
[PlyCount "65"]
[EventDate "2024.04.05"]
[EventType "schev"]
[EventRounds "5"]
[EventCountry "USA"]
[SourceTitle "CBM 219 Extra"]
[Source "ChessBase"]
[SourceDate "2024.05.31"]
[SourceVersion "1"]
[SourceVersionDate "2024.05.31"]
[SourceQuality "1"]
[WhiteTeam "Masters"]
[BlackTeam "Challengers"]
[WhiteTeamCountry "USA"]
[BlackTeamCountry "USA"]

1. c4 Nf6 2. Nc3 g6 3. e4 e5 4. g3 Bg7 5. Bg2 0-0 6. Nge2 d6 7. 0-0 Nc6 8. d3 Nd7 9. Rb1 a5 10. Be3 Nc5 11. Qd2 Ne6 12. f4 exf4 13. gxf4 Ned4 14. Nxd4 Nxd4 15. Qf2 c5 16. Kh1 Kh8 17. Nb5 Nxb5 18. cxb5 f5 19. Rbd1 Rb8 20. d4 c4 21. e5 d5 22. a4 Be6 23. Bf3 Rc8 24. Bd2 b6 25. Qg2 Rf7 26. Rc1 Rfc7 27. Bd1 Bf8 28. Rf3 Kg8 29. Rh3 Rg7 30. Qf2 Be7 31. Rh6 Bf8 32. Rh3 Be7 33. Rh6 1/2-1/2

[Event "Titled Tuesday intern op 26th Mar Early"]
[Site "Chess.com INT"]
[Date "2024.03.26"]
[Round "4"]
[White "Alarcon Bahamondez, Roberto Ignacio"]
[Black "Dubnevych, Maksym"]
[Result "1/2-1/2"]
[WhiteElo "2335"]
[BlackElo "2293"]
[PlyCount "221"]
[EventDate "2024.03.26"]
[EventType "swiss (blitz)"]
[EventRounds "11"]
[EventCountry "USA"]
[SourceTitle "EXT 2025"]
[Source "ChessBase"]
[SourceDate "2024.10.14"]
[SourceVersion "1"]
[SourceVersionDate "2024.10.14"]
[SourceQuality "1"]

1. c4 e5 2. Nc3 Nf6 3. Nf3 e4 4. Ng5 c6 5. Ngxe4 Nxe4 6. Nxe4 d5 7. cxd5 cxd5 8. Nc3 d4 9. Ne4 Nc6 10. d3 Bf5 11. a3 Be7 12. g3 h5 13. h3 Qd7 14. Bg2 Rc8 15. Bd2 Bg6 16. Rc1 b6 17. Qa4 0-0 18. 0-0 Bf5 19. Qb5 Qe6 20. Kh2 h4 21. g4 Bg6 22. f4 f5 23. Ng5 Qxe2 24. Rxc6 Bxg5 25. Rxg6 Bf6 26. Bb4 Rc2 27. Qd5+ Kh7 28. Bxf8 Rc5 29. Qf3 Qxf3 30. Bxf3 Rc2+ 31. Bg2 Kxg6 32. g5 Bd8 33. Bb4 Bc7 34. Kh1 a5 35. Be1 Rxb2 36. Bxh4 Rd2 37. Re1 Rxd3 38. Re6+ Kh5 39. Bf2 Bxf4 40. Bf1 Rd2 41. Kg1 Kxg5 42. Rxb6 d3 43. Rd6 Bxd6 44. Be3+ Bf4 45. Bxd2 Bxd2 46. Bxd3 Bc1 47. a4 Kf4 48. Kg2 g6 49. Bc2 Ba3 50. Bd3 Be7 51. Bb5 Ke3 52. Bd7 Bh4 53. Bc8 Ke4 54. Bb7+ Kf4 55. Bc8 Be7 56. Bd7 Bd6 57. Bc8 Kg5 58. Bd7 Kf6 59. Bc8 g5 60. Bd7 Ke5 61. Bc8 Ke4 62. Bd7 Be5 63. Bc8 Bf6 64. Bd7 f4 65. Bc6+ Ke3 66. Bb7 Be5 67. Bc6 Bf6 68. Bb7 Be7 69. Bc6 Kd4 70. Bb7 Kc5 71. Kf3 Kb6 72. Bc8 Kc5 73. Bd7 Kb4 74. Bc6 Kc3 75. Kg4 Kb4 76. Kf3 Kc3 77. Kg4 Kd3 78. Kf3 Kd2 79. Bb7 Ke1 80. Bc6 Kf1 81. Bd7 Kg1 82. Be6 Kh2 83. Bd7 Kg1 84. Bg4 Kf1 85. Bd7 Ke1 86. Bg4 Kd2 87. Bd7 Kd3 88. Bg4 Kc4 89. Bd7 Kd5 90. Kg4 Kd6 91. Bb5 Ke5 92. Kf3 Kd4 93. Bd7 Ke5 94. Bb5 Kf6 95. Bd7 Kg6 96. Bg4 Bd6 97. Bd7 Kf6 98. Bg4 Ke5 99. Bd7 Kd4 100. Bc6 Kc4 101. Bd7 Kb4 102. Bc6 Kc5 103. Bd7 Kb4 104. Bc6 Kc5 105. Bd7 Kd4 106. Bc6 Ke5 107. Bd7 Kf6 108. Bb5 Kg6 109. Bd7 Kh6 110. Bg4 Kg6 111. Bd7 1/2-1/2

[Event "Titled Tuesday intern op 26th Mar Early"]
[Site "Chess.com INT"]
[Date "2024.03.26"]
[Round "5"]
[White "Mendes, Aaron Reeve"]
[Black "Alarcon Bahamondez, Roberto Ignacio"]
[Result "1-0"]
[WhiteElo "2309"]
[BlackElo "2335"]
[PlyCount "107"]
[EventDate "2024.03.26"]
[EventType "swiss (blitz)"]
[EventRounds "11"]
[EventCountry "USA"]
[SourceTitle "EXT 2025"]
[Source "ChessBase"]
[SourceDate "2024.10.14"]
[SourceVersion "1"]
[SourceVersionDate "2024.10.14"]
[SourceQuality "1"]

1. b3 e5 2. Bb2 Nc6 3. e4 Bc5 4. Nf3 d6 5. c3 Nf6 6. Bd3 0-0 7. Bc2 Re8 8. 0-0 a5 9. d4 Bb6 10. dxe5 dxe5 11. Na3 Be6 12. Qe2 Nh5 13. Rad1 Nf4 14. Qe1 Qf6 15. Bc1 Nh3+ 16. gxh3 Qxf3 17. Rd3 Qh5 18. Rg3 Rad8 19. Bd1 Rxd1 20. Qxd1 Qxd1 21. Rxd1 Bc5 22. Nb5 Bb6 23. Bh6 g6 24. Bg5 Kg7 25. Rf3 f5 26. Be3 fxe4 27. Rg3 Bxe3 28. Rxe3 Re7 29. Rxe4 Bf5 30. Re3 e4 31. f3 Ne5 32. fxe4 Bd7 33. Nd4 Rf7 34. Rf1 Re7 35. Rg3 Nc6 36. Nf5+ Bxf5 37. exf5 Re2 38. fxg6 hxg6 39. Rf2 Re1+ 40. Kg2 Ne5 41. h4 Rd1 42. h5 Rd6 43. hxg6 Nxg6 44. h4 Kh6 45. Kh3 Re6 46. Rgf3 Re4 47. Rf7 Rxh4+ 48. Kg3 Re4 49. Rxc7 b5 50. Rf5 Re3+ 51. Kg4 Re4+ 52. Kf3 Re1 53. Rxb5 Ra1 54. Rxa5 1-0

[Event "Santa Clara 1000 GM Schev2 03"]
[Site "Santa Clara"]
[Date "2024.03.09"]
[Round "1.1"]
[White "Tang, Dylan"]
[Black "Alarcon Bahamondez, Roberto Ignacio"]
[Result "1/2-1/2"]
[WhiteElo "2152"]
[BlackElo "2335"]
[PlyCount "168"]
[EventDate "2024.03.06"]
[EventType "schev"]
[EventRounds "5"]
[EventCountry "USA"]
[SourceTitle "CBM 219 Extra"]
[Source "ChessBase"]
[SourceDate "2024.05.31"]
[SourceVersion "1"]
[SourceVersionDate "2024.05.31"]
[SourceQuality "1"]

1. e4 e5 2. Nf3 Nc6 3. Bb5 Nge7 4. 0-0 g6 5. d4 exd4 6. Nxd4 Bg7 7. Be3 0-0 8. Nc3 a6 9. Ba4 Na5 10. Nd5 Nxd5 11. exd5 Nc4 12. Bc1 b5 13. Bb3 Bb7 14. a4 Qh4 15. axb5 Bxd4 16. Bxc4 axb5 17. Rxa8 Bxa8 18. Bb3 Be5 19. g3 Qf6 20. Qg4 Qd6 21. Rd1 Bb7 22. Qe2 b4 23. Bd2 c5 24. Re1 Re8 25. c3 Bxd5 26. Qd3 Be6 27. Qxd6 Bxd6 28. cxb4 cxb4 29. Re4 Rb8 30. Bxe6 fxe6 31. b3 Bf8 32. h3 Rb6 33. Rc4 Rb7 34. Re4 Be7 35. Kf1 Kf7 36. Rf4+ Ke8 37. Re4 Rb6 38. h4 d5 39. Rg4 e5 40. h5 Kf7 41. hxg6+ Rxg6 42. Rxg6 Kxg6 43. Ke2 Kf5 44. f3 h5 45. Be3 Bd6 46. Bf2 e4 47. Be1 Bc5 48. Bd2 exf3+ 49. Kxf3 d4 50. Bf4 d3 51. Bd2 Be7 52. Be1 Bc5 53. Bd2 Ke5 54. Be1 Kd4 55. Bf2+ Kd5 56. Be1 Ke5 57. Bd2 Be7 58. Be1 Kf5 59. Ke3 Kg4 60. Kxd3 Bd6 61. Ke2 Bc5 62. Kd3 Bd6 63. Ke2 Bc5 64. Kd3 Kf3 65. Kc4 Bd6 66. Bd2 Bxg3 67. Bg5 Be1 68. Be7 Bc3 69. Kd3 Be1 70. Kc4 Kg3 71. Kd3 Kf3 72. Kc4 Ke3 73. Bg5+ Ke2 74. Be7 Bc3 75. Bd8 Kd2 76. Be7 Kc2 77. Bd8 Be1 78. Be7 Kd1 79. Kd3 h4 80. Ke3 h3 81. Kf3 Kc2 82. Bxb4 h2 83. Kg2 Bxb4 84. Kxh2 Kxb3 1/2-1/2

[Event "Titled Tuesday intern op 05th Mar Late"]
[Site "Chess.com INT"]
[Date "2024.03.05"]
[Round "6"]
[White "Alarcon Bahamondez, Roberto Ignacio"]
[Black "Rjabzev, Konstantin"]
[Result "1-0"]
[WhiteElo "2335"]
[BlackElo "2150"]
[PlyCount "103"]
[EventDate "2024.03.05"]
[EventType "swiss (blitz)"]
[EventRounds "11"]
[EventCountry "USA"]
[SourceTitle "EXT 2025"]
[Source "ChessBase"]
[SourceDate "2024.10.14"]
[SourceVersion "1"]
[SourceVersionDate "2024.10.14"]
[SourceQuality "1"]

1. c4 e6 2. Nc3 d5 3. d4 Be7 4. cxd5 exd5 5. Bf4 c6 6. e3 Bf5 7. g4 Be6 8. h4 c5 9. dxc5 Bxc5 10. Bg2 Ne7 11. g5 Nbc6 12. Nge2 0-0 13. h5 d4 14. Ne4 Bb4+ 15. Kf1 dxe3 16. h6 Qxd1+ 17. Rxd1 exf2 18. hxg7 Kxg7 19. Nf6 Rh8 20. Ng3 Ng6 21. Be3 Bc4+ 22. Kxf2 Nce5 23. Nf5+ Kf8 24. a3 Be7 25. Nxh7+ Rxh7 26. Rxh7 Ng4+ 27. Kg3 Nxe3 28. Nxe3 Be2 29. Re1 Bd3 30. Bd5 Bd6+ 31. Kf2 Ne7 32. Rxf7+ Ke8 33. Rf6 Bc5 34. Kf3 Kd7 35. Bc4 Bh7 36. Rd1+ Kc7 37. Nd5+ Nxd5 38. Rxd5 Be7 39. Rf7 Bg8 40. Rxe7+ Kc6 41. Rd4 Rf8+ 42. Ke3 Bxc4 43. Rxc4+ Kd5 44. Ree4 Rg8 45. Rcd4+ Kc5 46. Rg4 b5 47. g6 Rg7 48. Rde4 Kd5 49. Rg5+ Kc6 50. Kf4 a6 51. b4 Kb6 52. Kf5 1-0

[Event "Titled Tuesday intern op 05th Mar Late"]
[Site "Chess.com INT"]
[Date "2024.03.05"]
[Round "7"]
[White "Solon, Nathan"]
[Black "Alarcon Bahamondez, Roberto Ignacio"]
[Result "0-1"]
[WhiteElo "2327"]
[BlackElo "2335"]
[PlyCount "56"]
[EventDate "2024.03.05"]
[EventType "swiss (blitz)"]
[EventRounds "11"]
[EventCountry "USA"]
[SourceTitle "EXT 2025"]
[Source "ChessBase"]
[SourceDate "2024.10.14"]
[SourceVersion "1"]
[SourceVersionDate "2024.10.14"]
[SourceQuality "1"]

1. d4 d5 2. Bf4 Nf6 3. e3 e6 4. Nf3 Bd6 5. Ne5 0-0 6. Nd2 c5 7. c3 Qc7 8. Bd3 Nbd7 9. Ndf3 Ne4 10. 0-0 b6 11. Qc2 Bb7 12. Nxd7 Qxd7 13. Bxd6 Qxd6 14. Bxe4 dxe4 15. Nd2 cxd4 16. exd4 f5 17. f3 Ba6 18. Rfe1 Bd3 19. Qb3 Qf4 20. Rad1 Rae8 21. Nf1 Kh8 22. Ng3 exf3 23. gxf3 Ba6 24. Rxe6 Qxf3 25. Rde1 Rc8 26. Re7 f4 27. Ne4 Qg4+ 28. Kf2 Qh4+ 0-1

[Event "Titled Tuesday intern op 27th Feb Late"]
[Site "Chess.com INT"]
[Date "2024.02.27"]
[Round "6"]
[White "Akhayan, Ruben"]
[Black "Alarcon Bahamondez, Roberto Ignacio"]
[Result "1/2-1/2"]
[WhiteElo "2249"]
[BlackElo "2335"]
[PlyCount "64"]
[EventDate "2024.02.27"]
[EventType "swiss (blitz)"]
[EventRounds "11"]
[EventCountry "USA"]
[SourceTitle "CBM 219 Extra"]
[Source "ChessBase"]
[SourceDate "2024.05.31"]
[SourceVersion "1"]
[SourceVersionDate "2024.05.31"]
[SourceQuality "1"]

1. e4 c6 2. Ne2 d5 3. e5 c5 4. d4 cxd4 5. Nxd4 Nc6 6. Bb5 Qc7 7. 0-0 a6 8. Bxc6+ bxc6 9. e6 fxe6 10. Qh5+ g6 11. Qe2 e5 12. Nb3 Nf6 13. Re1 e4 14. c4 Bg4 15. f3 exf3 16. gxf3 Bc8 17. cxd5 cxd5 18. Nc3 Bg7 19. Bg5 Bb7 20. Rac1 Qd6 21. Bf4 Qb6+ 22. Be3 Qd8 23. Bc5 Bf8 24. Qe6 Nh5 25. Bb6 Qd7 26. Qxd7+ Kxd7 27. Nc5+ Kc8 28. N3a4 Bc6 29. Ne6 Kb7 30. Nec5+ Kc8 31. Ne6 Kb7 32. Nec5+ Kc8 1/2-1/2

[Event "Titled Tuesday intern op 27th Feb Early"]
[Site "Chess.com INT"]
[Date "2024.02.27"]
[Round "8"]
[White "Alarcon Bahamondez, Roberto Ignacio"]
[Black "Eggleston, Thomas"]
[Result "1-0"]
[WhiteElo "2335"]
[BlackElo "2188"]
[PlyCount "87"]
[EventDate "2024.02.27"]
[EventType "swiss (blitz)"]
[EventRounds "11"]
[EventCountry "USA"]
[SourceTitle "EXT 2025"]
[Source "ChessBase"]
[SourceDate "2024.10.14"]
[SourceVersion "1"]
[SourceVersionDate "2024.10.14"]
[SourceQuality "1"]

1. d4 e6 2. c4 f5 3. g3 Nf6 4. Bg2 Bb4+ 5. Nd2 a5 6. a3 Be7 7. Qc2 d6 8. Nh3 e5 9. dxe5 dxe5 10. 0-0 Nc6 11. e3 0-0 12. b3 h6 13. Bb2 Be6 14. Nf3 Nd7 15. Rfd1 Qe8 16. Kh1 Bf6 17. Ne1 g5 18. f4 e4 19. Bxf6 Nxf6 20. fxg5 Ng4 21. Qe2 hxg5 22. Nxg5 Qh5 23. h4 Rf6 24. Bh3 Nce5 25. Ng2 Nd3 26. Bxg4 fxg4 27. Nf4 Nxf4 28. exf4 Bf5 29. Qe3 Re8 30. Rd5 Qg6 31. Rad1 b6 32. a4 Rff8 33. Kg2 c6 34. Rd6 Rf6 35. R6d4 c5 36. Rd5 Qg7 37. Re5 Rxe5 38. fxe5 Rf8 39. Rd5 Bc8 40. Qxe4 Bb7 41. Ne6 Bxd5 42. cxd5 Qf7 43. Nxf8 Qxf8 44. Qxg4+ 1-0

[Event "Titled Tuesday intern op 27th Feb Late"]
[Site "Chess.com INT"]
[Date "2024.02.27"]
[Round "7"]
[White "Alarcon Bahamondez, Roberto Ignacio"]
[Black "Jarocka, Liwia"]
[Result "1-0"]
[WhiteElo "2335"]
[BlackElo "2199"]
[PlyCount "75"]
[EventDate "2024.02.27"]
[EventType "swiss (blitz)"]
[EventRounds "11"]
[EventCountry "USA"]
[SourceTitle "CBM 219 Extra"]
[Source "ChessBase"]
[SourceDate "2024.05.31"]
[SourceVersion "1"]
[SourceVersionDate "2024.05.31"]
[SourceQuality "1"]

1. d4 Nf6 2. c4 e6 3. Nc3 Bb4 4. e3 0-0 5. Bd3 d5 6. a3 Bxc3+ 7. bxc3 dxc4 8. Bxc4 c5 9. Nf3 b6 10. 0-0 Bb7 11. Bd3 Nbd7 12. c4 Qc7 13. Bb2 cxd4 14. exd4 Rad8 15. Re1 Rfe8 16. Ne5 Nxe5 17. Rxe5 g6 18. Qe2 Nd7 19. Rg5 e5 20. dxe5 Nc5 21. Rg3 Qc6 22. Rd1 Nxd3 23. Rdxd3 Rxd3 24. Qxd3 Ba6 25. Rg4 Qe6 26. Rf4 Rc8 27. h4 Bxc4 28. Qg3 Ba2 29. h5 Qb3 30. Qg4 Qxb2 31. Qxc8+ Kg7 32. h6+ Kxh6 33. Qf8+ Kh5 34. Rf3 Qa1+ 35. Kh2 Qxe5+ 36. g3 Bd5 37. Rf4 g5 38. g4+ 1-0

[Event "Titled Tuesday intern op 27th Feb Early"]
[Site "Chess.com INT"]
[Date "2024.02.27"]
[Round "2"]
[White "Alarcon Bahamondez, Roberto Ignacio"]
[Black "Materia, Marco"]
[Result "0-1"]
[WhiteElo "2335"]
[BlackElo "2434"]
[PlyCount "90"]
[EventDate "2024.02.27"]
[EventType "swiss (blitz)"]
[EventRounds "11"]
[EventCountry "USA"]
[SourceTitle "EXT 2025"]
[Source "ChessBase"]
[SourceDate "2024.10.14"]
[SourceVersion "1"]
[SourceVersionDate "2024.10.14"]
[SourceQuality "1"]

1. c4 Nf6 2. Nc3 e5 3. g3 Bb4 4. Bg2 0-0 5. e3 c6 6. Nge2 d5 7. cxd5 cxd5 8. a3 Bxc3 9. dxc3 Nc6 10. 0-0 e4 11. Nd4 Ne5 12. h3 b6 13. a4 Ba6 14. Nb5 Qd7 15. Qd4 Nf3+ 16. Bxf3 exf3 17. Kh2 Bxb5 18. axb5 Qxb5 19. Kg1 Ne4 20. Qd1 Qd7 21. Qxf3 Qxh3 22. c4 Ng5 23. Qxd5 Qh5 24. Qh1 Qg4 25. Kg2 Qe4+ 26. f3 Qxc4 27. e4 Ne6 28. Be3 Qe2+ 29. Bf2 Qxb2 30. Qh5 Rfd8 31. Rh1 h6 32. Rad1 a5 33. Rd5 a4 34. Rb5 Qc2 35. Rxb6 Rd2 36. Rf1 a3 37. Qb5 a2 38. Rb8+ Rd8 39. Rxd8+ Rxd8 40. Qa6 Rd2 41. Qa7 Qb2 42. Re1 Nd4 43. Rf1 a1Q 44. Qxa1 Rxf2+ 45. Kh3 Qxa1 0-1